[Event "Riga FIDE Grand Prix 2019"]
[Site "Riga LAT"]
[Date "2019.07.17"]
[Round "2.4"]
[Board "3"]
[White "Yu, Yangyi"]
[Black "Grischuk, Alexander"]
[Result "1/2-1/2"]
[WhiteTitle "GM"]
[BlackTitle "GM"]
[WhiteElo "2736"]
[BlackElo "2766"]
[WhiteFideId "8603820"]
[BlackFideId "4126025"]
[EventDate "2019.07.12"]

1. d4 Nf6 2. c4 e6 3. Nc3 Bb4 4. e3 O-O 5. Ne2 d5 6. a3 Bd6 7. c5 Be7 8. Ng3 c6
9. Bd2 b6 10. b4 Nbd7 11. Be2 a5 12. O-O Ba6 13. Qc2 Qc7 14. h3 Ra7 15. Rab1
axb4 16. axb4 Rfa8 17. Rfc1 Bxe2 18. Ngxe2 Qb7 19. f3 Ra3 20. Be1 h6 21. Bf2 e5
22. Re1 bxc5 23. bxc5 Qa6 24. Rb4 Bd8 25. Reb1 Ba5 26. Ra4 Rxa4 27. Qxa4 Qc8 28.
Ra1 Ra7 29. Ra2 Qa8 30. Bg3 Bb6 31. Qb3 Bc7 32. Be1 Nf8 33. Bg3 N6d7 34. Kh2 Ne6
35. Rxa7 Qxa7 36. Qa4 Qxa4 37. Nxa4 f5 38. dxe5 Bxe5 39. Bxe5 Nxe5 40. Nd4 Nxd4
41. exd4 Nd3 42. Nc3 Nf4 43. Kg1 Ne6 44. Ne2 f4 45. Kf2 g5 46. Ke1 Ng7 47. Kd2
Kf7 48. Nc1 Nf5 49. Kc3 Ke7 50. Nd3 Kd7 51. Ne5+ Kc7 52. Kd3 Nh4 53. Nf7 Nf5 54.
Kc3 Kd7 55. Kd3 Kc7 56. Ne5 Nh4 57. Nf7 1/2-1/2